| 000 | 00437nam a22001337a 4500 | ||
|---|---|---|---|
| 082 | _aT-86 | ||
| 100 |
_aMajor Muhammad Zafar Iqbal Khan _948441 |
||
| 245 |
_aDevelopment of high strength concrete with locally available meterials and study its mechanical properties _cMajor Muhammad Zafar Iqbal Khan |
||
| 260 |
_aRisalpur _bMCE _c1999 |
||
| 300 | _aviii, 51.p: | ||
| 526 |
_a0 _b0 _c0 _dT_86 |
||
| 650 |
_aThesis _934811 |
||
| 942 |
_2ddc _cBK |
||
| 999 |
_c551389 _d551389 |
||